01435nam a22001937a 450000500170000000800410001702000180005804000070007604100080008308200250009110000190011624500360013526000240017130000290019536500740022452008970029865000270119570000190122220230313141546.0230302b ||||| |||| 00| 0 eng d a9780387483436 cAL aeng 223a338.476606bPATH aHolger Patzelt aHandbook of Bioentrepreneurship aUSAbSpringerc2008 axiii,294p.bHBc23x14cm. 2GeneralaKavery Booksb₹13814.00c₹d₹18419.00e25%f20/02/2023 aProviding an important and timely overview of research on the exciting area of entrepreneurship in biotechnology, The Handbook of Bioentrepreneurship examines one of the most promising industries of the 21st century. While genetically engineered food and biopharmaceuticals have made biotechnology part of our everyday life, starting a bioventure is among the most complex and risky entrepreneurial tasks given long development cycles, high technological and market uncertainty, and high capital intensity. Providing unparalleled in-depth and detailed analysis, this Handbook sheds light on business models and strategies, financing, cooperation networks between firms and universities, among other issues. With new developments in biotechnology increasingly in the news, this is an important source for readers interested in public policy, entrepreneurship, and business in the 21st century. 2ProductionaProduction aBrenner Thomas